000 00650nam a2200205Ia 4500
003 OSt
005 20250627144110.0
008 210210b1997 xxu||||| |||| 00| 0 eng d
040 _cAL
041 _aKannada
082 _a915.404K SANH
100 _aKARNATAKA SAHITYA AKADEMI
_dಕರ್ನಾಟಕ ಸಾಹಿತ್ಯ ಅಕಾಡೆಮಿ
_9216282
245 _aHalavu kalagala nadu: Gujaratu
_bಹಲವು ಕಾಲಗಳ ನಾಡು: ಗುಜರಾತು
260 _aBengaluru
_bKarnataka Sahitya Akademi
_c1997
300 _av,160
650 _aGujarat
_9216283
690 _aTravel
_9216284
906 _a053930
942 _2ddc
_cBK
999 _c102084
_d102084